| 000 | 00875nam a22002297a 4500 | ||
|---|---|---|---|
| 005 | 20221210124024.0 | ||
| 008 | 221210b ||||| |||| 00| 0 eng d | ||
| 040 | _cAL | ||
| 041 | _aeng | ||
| 082 |
_223 _a954.035 _bMITI |
||
| 100 |
_aNripendra Nath Mitra Ed _965415 |
||
| 245 |
_aIndian annual register: _bAn annual digest of public affairs of India Vol 2 July -December 1930 |
||
| 260 |
_aCalcutta _bThe Annual Register Office _c1930 |
||
| 300 |
_axiv,692p. _bHB _c24x16cm. |
||
| 365 | _2History | ||
| 520 | _aRecording the Nation's Activities each year in matters political, economic, industrial, educational, social Etc being issued in 2 six monthly volumes. | ||
| 650 |
_aHome Polity _965403 |
||
| 650 |
_aCentral Legislature and Provincial Councils _965404 |
||
| 650 |
_aLegislative Council _965405 |
||
| 700 |
_aMITRA (Nripendra) Ed _965406 |
||
| 942 |
_2ddc _cGF |
||
| 999 |
_c225572 _d225572 |
||